|
|
|
|
| LEADER |
00000nas1a2200000 4500 |
| 001 |
379785 |
| 005 |
20231101062629.0 |
| 035 |
|
|
|a (RuTPU)RU\TPU\prd\210
|
| 035 |
|
|
|a PERI00000210
|
| 090 |
|
|
|a 379785
|
| 100 |
|
|
|a 20011210a19661971k y0rusy50 ca
|
| 101 |
0 |
|
|a rus
|
| 102 |
|
|
|a RU
|
| 110 |
|
|
|a afad|||0uu0
|
| 200 |
1 |
|
|a Транспорт и хранение нефти и нефтепродуктов
|e научно-технический сборник
|f Всероссийский научно-исследовательский институт организации, управления и экономики нефтегазовой промышленности (ОАО ВНИИОЭНГ)
|
| 210 |
|
|
|a Москва
|c ВНИИОЭНГ
|d 1966-1971
|
| 326 |
|
|
|a ежемесячно
|
| 610 |
1 |
|
|a транспорт нефти
|
| 610 |
1 |
|
|a нефтепродукты
|
| 610 |
1 |
|
|a нефтебазы
|
| 610 |
1 |
|
|a организация производства
|
| 675 |
|
|
|a 622.69
|v 3
|
| 712 |
0 |
2 |
|a Всероссийский научно-исследовательский институт организации, управления и экономики нефтегазовой промышленности (ОАО ВНИИОЭНГ)
|2 stltpush
|3 (RuTPU)RU\TPU\col\5641
|
| 801 |
|
2 |
|a RU
|b 63413507
|c 20141108
|g RCR
|
| 801 |
|
2 |
|a RU
|b 63413507
|c 20141108
|g RCR
|
| 801 |
|
2 |
|a RU
|b 63413507
|c 20141108
|g RCR
|
| 942 |
|
|
|c CR
|